| 000 | 00571nam a22001937a 4500 | ||
|---|---|---|---|
| 005 | 20170124110242.0 | ||
| 010 | _aB-220937 | ||
| 020 |
_c00.00 _a9789036615785 |
||
| 035 | _aB-220937 | ||
| 037 | _bCen Lib/Ret | ||
| 040 |
_aDPL _bEN |
||
| 082 |
_a069 _bNEU |
||
| 100 |
_aNeubert, Hans joachim _995212 |
||
| 245 |
_a100 most beautiful musuems of the world : _cby Hans joachim Neubert _ba jaouney cross five continents / |
||
| 260 | _aRebo Publishers | ||
| 300 |
_a208p. _c33cm(Hb) _bill. |
||
| 650 |
_aMuseums _940877 |
||
| 942 |
_2ddc _cEN _h069 _mNEU |
||
| 999 |
_c135217 _d135217 |
||